000 00635cam a2200193 a 4500
001 000014345
005 20200929163601.0
008 751003s1942 bl b f000 0 por d
040 _aDO-SdBNP
_bpor
_cLC
_dBNPHU
050 0 0 _aKHD1789
_b.M3728 1942
082 _a331
_bM338v
100 1 _aMarinho Rego, Alcides.
_932380
245 1 2 _aA vitória do direito operário no govêrno Getulio Vargas.
260 _a[Río de Janeiro] :
_bDepartamento de imprensa e propaganda,
_c1942.
300 _a201 p. :
_btabls. ;
_c19 cm.
650 0 _aLabor laws and legislation
_zBrazil.
_932381
910 _aCatalogación por copia/LC
049 _aBNGR
999 _c13937
_d13937